Otázka vstupu Turecka do EÚ
Porovnanie dvoch kľúčových oblastí prístupových kritérií Turecka do EÚ, a to z pohľadu ekonomického a náboženského, ktoré rozdeľujú postoje členských štátov na dva názorové tábory. Postavenie Turecka v dejinách, ktoré sú do istej miery spojené aj s dejinami Európy. Súčasný postoj voči Európskej úni...
Salvato in:
| Autore principale: | |
|---|---|
| Natura: | Capitolo di libro |
| Lingua: | slovacco |
| Soggetti: | |
| Tags: |
Nessun Tag, puoi essere il primo ad aggiungerne!!
|
MARC
| LEADER | 00000naa a2200000 4500 | ||
|---|---|---|---|
| 001 | 0200207 | ||
| 005 | 20220714120519.1 | ||
| 041 | 0 | |a slo | |
| 044 | |a CZ | ||
| 245 | 1 | 0 | |a Otázka vstupu Turecka do EÚ |c Josef Vlček |
| 520 | |a Porovnanie dvoch kľúčových oblastí prístupových kritérií Turecka do EÚ, a to z pohľadu ekonomického a náboženského, ktoré rozdeľujú postoje členských štátov na dva názorové tábory. Postavenie Turecka v dejinách, ktoré sú do istej miery spojené aj s dejinami Európy. Súčasný postoj voči Európskej únii. | ||
| 610 | 2 | 0 | |a Turecko |
| 610 | 2 | 0 | |a vývoj hospodársky |
| 610 | 2 | 0 | |a politika |
| 610 | 2 | 0 | |a náboženstvo |
| 610 | 2 | 0 | |a Európska únia |
| 610 | 2 | 0 | |a spolupráca hospodárska medzinárodná |
| 100 | 1 | |a Vlček, Josef, 1923- | |